<?xml version="1.0" encoding="UTF-8"?><?xml-stylesheet type="text/xsl" href="static/style.xsl"?><OAI-PMH xmlns="http://www.openarchives.org/OAI/2.0/" xmlns:xsi="http://www.w3.org/2001/XMLSchema-instance" xsi:schemaLocation="http://www.openarchives.org/OAI/2.0/ http://www.openarchives.org/OAI/2.0/OAI-PMH.xsd"><responseDate>2026-04-17T14:44:19Z</responseDate><request verb="GetRecord" identifier="oai:www.recercat.cat:10230/57908" metadataPrefix="marc">https://recercat.cat/oai/request</request><GetRecord><record><header><identifier>oai:recercat.cat:10230/57908</identifier><datestamp>2026-04-03T00:33:26Z</datestamp><setSpec>com_2072_6</setSpec><setSpec>col_2072_452952</setSpec></header><metadata><record xmlns="http://www.loc.gov/MARC21/slim" xmlns:dcterms="http://purl.org/dc/terms/" xmlns:xsi="http://www.w3.org/2001/XMLSchema-instance" xmlns:doc="http://www.lyncode.com/xoai" xsi:schemaLocation="http://www.loc.gov/MARC21/slim http://www.loc.gov/standards/marcxml/schema/MARC21slim.xsd">
   <leader>00925njm 22002777a 4500</leader>
   <datafield ind2=" " ind1=" " tag="042">
      <subfield code="a">dc</subfield>
   </datafield>
   <datafield ind2=" " ind1=" " tag="720">
      <subfield code="a">Abiétar, Daniel G.</subfield>
      <subfield code="e">author</subfield>
   </datafield>
   <datafield ind2=" " ind1=" " tag="720">
      <subfield code="a">Domingo, Laia</subfield>
      <subfield code="e">author</subfield>
   </datafield>
   <datafield ind2=" " ind1=" " tag="720">
      <subfield code="a">Medina Perucha, Laura</subfield>
      <subfield code="e">author</subfield>
   </datafield>
   <datafield ind2=" " ind1=" " tag="720">
      <subfield code="a">Saavedra, Nuria</subfield>
      <subfield code="e">author</subfield>
   </datafield>
   <datafield ind2=" " ind1=" " tag="720">
      <subfield code="a">Berenguera, Anna</subfield>
      <subfield code="e">author</subfield>
   </datafield>
   <datafield ind2=" " ind1=" " tag="720">
      <subfield code="a">Lacueva-Pérez, Laia</subfield>
      <subfield code="e">author</subfield>
   </datafield>
   <datafield ind2=" " ind1=" " tag="720">
      <subfield code="a">Hurtado, Marta</subfield>
      <subfield code="e">author</subfield>
   </datafield>
   <datafield ind2=" " ind1=" " tag="720">
      <subfield code="a">Castells, Xavier</subfield>
      <subfield code="e">author</subfield>
   </datafield>
   <datafield ind2=" " ind1=" " tag="720">
      <subfield code="a">Sala i Serra, Maria</subfield>
      <subfield code="e">author</subfield>
   </datafield>
   <datafield ind2=" " ind1=" " tag="260">
      <subfield code="c">2023-09-19T06:09:49Z</subfield>
   </datafield>
   <datafield ind2=" " ind1=" " tag="260">
      <subfield code="c">2023-09-19T06:09:49Z</subfield>
   </datafield>
   <datafield ind2=" " ind1=" " tag="260">
      <subfield code="c">2023</subfield>
   </datafield>
   <datafield ind2=" " ind1=" " tag="520">
      <subfield code="a">Introduction: Patients&amp;apos; and companions&amp;apos; participation in healthcare could help prevent adverse events, which are a significant cause of disease and disability. Before designing interventions to increase participation, it is first necessary to identify attitudes to patient safety. This study aimed to explore patients&amp;apos; and companions&amp;apos; perceptions, attitudes and experiences of patient safety, taking into account contextual factors, such as cultural background, which are not usually captured in the literature. Methods: We conducted a qualitative study with a theoretical sampling of 13 inpatients and 3 companions in a university hospital in Barcelona, Spain. Information was obtained from individual and triangular interviews. A descriptive thematic content analysis was conducted by four analysts and a consensus was reached within the research team on the key categories that were identified. We also conducted a card-sorting exercise. Results: All informants emphasized the role of good communication with health professionals, a calm environment and the need for patient education. Discursive positions differed by cultural background. Informants from a Pakistani-Bangladeshi background emphasized language barriers, while those from European and Latin-American backgrounds stressed health professionals&amp;apos; lack of time and the need for more interdisciplinary teamwork. The card-sorting exercise identified several opportunities to enhance participation: checking patient identification and medication dispensation, and maintaining personal and environmental hygiene. Conclusion: This exploration of informants&amp;apos; discourse on patient safety identified a wide variety of categories not usually considered from institutional perspectives. The findings of this study could enrich interventions in areas with diverse cultural backgrounds, as well as current frameworks based exclusively on institutional perspectives. Patient or public contribution: The results of the study were communicated to patients and accompanying persons via telephone or email. Similarly, a focus group was held with a patient forum to comment on the results. In the design of subsequent interventions to improve patient safety at the hospital, the proposals of patients and companions for their participation will be included together with healthcare professionals&amp;apos; opinions.</subfield>
   </datafield>
   <datafield tag="653" ind2=" " ind1=" ">
      <subfield code="a">Companions</subfield>
   </datafield>
   <datafield tag="653" ind2=" " ind1=" ">
      <subfield code="a">Hospital setting</subfield>
   </datafield>
   <datafield tag="653" ind2=" " ind1=" ">
      <subfield code="a">Patient participation</subfield>
   </datafield>
   <datafield tag="653" ind2=" " ind1=" ">
      <subfield code="a">Patient safety</subfield>
   </datafield>
   <datafield ind2="0" ind1="0" tag="245">
      <subfield code="a">A qualitative exploration of patient safety in a hospital setting in Spain: policy and practice recommendations on patients&amp;apos; and companions&amp;apos; participation</subfield>
   </datafield>
</record></metadata></record></GetRecord></OAI-PMH>